Proceeding of the conference quantum probability and infinite dimensional analysis : Burg (Spreewald), Germany, 15-20 March, 2001

Contents: This volume consists of 18 research papers reflecting the impressive progress made in the field. It includes new results on quantum stochastic integration, quantum Markov processes, the stochastic limit, quantum teleportation and other areas.

Zapisane w:
Opis bibliograficzny
Format: Książka
Język:Undetermined
Wydane: River Edge, N.J. World Scientific 2003
Hasła przedmiotowe:
Etykiety: Dodaj etykietę
Nie ma etykietki, Dołącz pierwszą etykiete!
Thư viện lưu trữ: Trung tâm Học liệu Trường Đại học Cần Thơ
LEADER 00972nam a2200193Ia 4500
001 CTU_156162
008 210402s9999 xx 000 0 und d
082 |a 530.12 
082 |b P963/Vol.15 
245 0 |a Proceeding of the conference quantum probability and infinite dimensional analysis : 
245 0 |b Burg (Spreewald), Germany, 15-20 March, 2001 
245 0 |c Edited by W. Freudenberg 
260 |a River Edge, N.J. 
260 |b World Scientific 
260 |c 2003 
520 |a Contents: This volume consists of 18 research papers reflecting the impressive progress made in the field. It includes new results on quantum stochastic integration, quantum Markov processes, the stochastic limit, quantum teleportation and other areas. 
650 |a Probabilities,Quantum theory,Dimensional analysis,Xác suất,Lý thuyết lượng tử,Phân tích thứ nguyên 
904 |i Qhieu - Trung 
980 |a Trung tâm Học liệu Trường Đại học Cần Thơ